[Event "Titled Tuesday intern op 26th Jul Early"]
[Site "Chess.com INT"]
[Date "2022.07.26"]
[Round "6"]
[White "Todorovic, Bojan"]
[Black "Tong, Hai Anh"]
[Result "1-0"]
[WhiteElo "2222"]
[BlackElo "1486"]
[PlyCount "87"]
[EventDate "2022.07.26"]
[EventType "swiss (blitz)"]
[EventRounds "11"]
[EventCountry "USA"]
[SourceTitle "EXT 2023"]
[Source "ChessBase"]
[SourceDate "2022.10.05"]
[SourceVersion "1"]
[SourceVersionDate "2022.10.05"]
[SourceQuality "1"]

1. d4 d5 2. c4 e6 3. Nc3 Be7 4. Nf3 Nf6 5. Bg5 0-0 6. e3 a6 7. cxd5 exd5 8. Bd3 Bg4 9. Qb3 Nc6 10. Bxf6 Bxf6 11. Nxd5 b5 12. Nxf6+ Qxf6 13. Be2 Rae8 14. 0-0 Qg6 15. Rfc1 h5 16. Qc2 Bxf3 17. Qxg6 fxg6 18. Bxf3 Nb4 19. Rxc7 Rc8 20. Rxc8 Rxc8 21. a3 Nd3 22. b4 Rc3 23. Bb7 Nb2 24. Bxa6 Nc4 25. Bxb5 Nxa3 26. Bf1 Kf7 27. b5 Ke6 28. b6 Kd6 29. Ra2 Kc6 30. Rb2 Kb7 31. g3 Rc1 32. Kg2 Nc4 33. Bxc4 Rxc4 34. h4 Rc6 35. Kf3 Rf6+ 36. Ke4 Re6+ 37. Kd5 Re8 38. e4 Rd8+ 39. Kc4 Rc8+ 40. Kd3 Kc6 41. d5+ Kd6 42. b7 Rb8 43. Kd4 Kd7 44. e5 1-0

[Event "Titled Tuesday intern op 26th Jul Early"]
[Site "Chess.com INT"]
[Date "2022.07.26"]
[Round "8"]
[White "Tong, Hai Anh"]
[Black "Kovacevic, Radmila"]
[Result "1-0"]
[WhiteElo "1486"]
[BlackElo "2113"]
[PlyCount "79"]
[EventDate "2022.07.26"]
[EventType "swiss (blitz)"]
[EventRounds "11"]
[EventCountry "USA"]
[SourceTitle "EXT 2023"]
[Source "ChessBase"]
[SourceDate "2022.10.05"]
[SourceVersion "1"]
[SourceVersionDate "2022.10.05"]
[SourceQuality "1"]

1. d4 e5 2. Nf3 e4 3. Ng1 d5 4. c4 c6 5. Nc3 Bb4 6. e3 Nf6 7. Bd2 Be7 8. Nge2 0-0 9. Nf4 Bd6 10. g3 Bxf4 11. gxf4 Kh8 12. Qb3 b6 13. cxd5 cxd5 14. Rc1 Bg4 15. Bg2 Na6 16. Ne2 Qd7 17. Rg1 Rac8 18. Rc3 Nc7 19. a4 Ne6 20. Ng3 Rc6 21. h3 Bf3 22. Bxf3 exf3 23. Nf5 Ne4 24. Rxc6 Qxc6 25. Qd1 g6 26. Nh4 Rc8 27. Nxf3 Qc4 28. Ne5 Qa2 29. Nxf7+ Kg7 30. f5 Kxf7 31. fxe6+ Ke7 32. Bb4+ Ke8 33. f3 Qxb2 34. fxe4 Qxb4+ 35. Kf2 dxe4 36. Rg5 Qb2+ 37. Kg3 Rc2 38. Kf4 Rd2 39. Qh1 Rf2+ 40. Ke5 1-0

[Event "Titled Tuesday intern op 26th Jul Early"]
[Site "Chess.com INT"]
[Date "2022.07.26"]
[Round "10"]
[White "Tong, Hai Anh"]
[Black "Stanisz, Patryk"]
[Result "1/2-1/2"]
[WhiteElo "1486"]
[BlackElo "2199"]
[PlyCount "125"]
[EventDate "2022.07.26"]
[EventType "swiss (blitz)"]
[EventRounds "11"]
[EventCountry "USA"]
[SourceTitle "EXT 2023"]
[Source "ChessBase"]
[SourceDate "2022.10.05"]
[SourceVersion "1"]
[SourceVersionDate "2022.10.05"]
[SourceQuality "1"]

1. d4 d5 2. c4 c6 3. Nf3 Nf6 4. Nc3 e6 5. Bg5 h6 6. Bxf6 Qxf6 7. e3 g6 8. Qb3 Nd7 9. cxd5 exd5 10. Bd3 Bg7 11. h4 h5 12. Ng5 0-0 13. Rh3 Qe7 14. Kf1 Nf6 15. Rf3 Ng4 16. Kg1 Bf6 17. Qc2 Bxg5 18. hxg5 Qxg5 19. e4 Be6 20. Re1 Rad8 21. exd5 Bxd5 22. Nxd5 Rxd5 23. Re4 Rf5 24. Rxf5 Qxf5 25. f3 Nh6 26. Qb3 Qd7 27. Kh1 Nf5 28. Rf4 Nxd4 29. Qc4 Ne6 30. Rf6 Kg7 31. Qc3 Qd4 32. Qxd4 Nxd4 33. Rd6 Ne6 34. Bc4 Rd8 35. Rxd8 Nxd8 36. Kg1 Kf6 37. Kf2 Ke5 38. Ke3 b5 39. f4+ Kd6 40. Bd3 a6 41. b4 c5 42. bxc5+ Kxc5 43. f5 gxf5 44. Bxf5 Ne6 45. Be4 a5 46. Bf3 b4 47. Bxh5 a4 48. Bxf7 Ng5 49. Bg8 Kd6 50. Kf4 Ne6+ 51. Ke3 Nc5 52. Bc4 b3 53. axb3 axb3 54. Kd2 Ke5 55. Kc3 Ne4+ 56. Kb2 Nd2 57. Ba6 Kf4 58. Bb7 Kg3 59. Bd5 Nf1 60. Bb7 Ne3 61. Bc6 Nxg2 62. Ba8 Ne3 63. Kxb3 1/2-1/2

[Event "VIE-ch U15"]
[Site "Ho Chi Minh City"]
[Date "2022.07.15"]
[Round "7"]
[White "Tong, Hai Anh"]
[Black "Tran, Nguyen Dang Khoa1"]
[Result "1/2-1/2"]
[WhiteElo "2291"]
[BlackElo "2306"]
[PlyCount "53"]
[EventDate "2022.07.11"]
[EventType "swiss"]
[EventRounds "9"]
[EventCountry "VIE"]
[SourceTitle "EXT 2023"]
[Source "ChessBase"]
[SourceDate "2022.10.05"]
[SourceVersion "1"]
[SourceVersionDate "2022.10.05"]
[SourceQuality "1"]

1. Nf3 Nf6 2. g3 b6 3. Bg2 Bb7 4. c4 e6 5. Nc3 Be7 6. 0-0 0-0 7. d4 d6 8. Qc2 c5 9. Bg5 Nbd7 10. Bxf6 Nxf6 11. dxc5 dxc5 12. Rfd1 Qc8 13. e4 Rb8 14. e5 Nd7 15. Re1 a6 16. Rad1 Rd8 17. Nd2 Nf8 18. Nde4 Qc7 19. f4 Rxd1 20. Rxd1 Rd8 21. Rxd8 Qxd8 22. Ne2 Bxe4 23. Bxe4 f6 24. exf6 Bxf6 25. b3 g6 26. Kg2 Qd6 27. Bf3 1/2-1/2

[Event "VIE-ch U15"]
[Site "Ho Chi Minh City"]
[Date "2022.07.14"]
[Round "6"]
[White "Tong, Hai Anh"]
[Black "Vo, Ngoc Hieu"]
[Result "1/2-1/2"]
[WhiteElo "2291"]
[BlackElo "2293"]
[PlyCount "84"]
[EventDate "2022.07.11"]
[EventType "swiss"]
[EventRounds "9"]
[EventCountry "VIE"]
[SourceTitle "EXT 2023"]
[Source "ChessBase"]
[SourceDate "2022.10.05"]
[SourceVersion "1"]
[SourceVersionDate "2022.10.05"]
[SourceQuality "1"]

1. Nf3 d5 2. g3 Nf6 3. Bg2 g6 4. 0-0 Bg7 5. d4 0-0 6. c4 c6 7. cxd5 cxd5 8. Ne5 Nc6 9. Nxc6 bxc6 10. Nc3 Bf5 11. b3 Qd7 12. Ba3 Rfe8 13. Rc1 Bh3 14. Na4 Bxg2 15. Kxg2 a5 16. Nb6 Qb7 17. Nxa8 Qxa8 18. Qc2 Rc8 19. Bxe7 Nd7 20. Bc5 Nf6 21. e3 Ne4 22. Qd3 Qb7 23. Rc2 Qd7 24. f4 h5 25. b4 a4 26. Qe2 Qf5 27. h3 Qd7 28. Qf3 Re8 29. f5 Bf6 30. fxg6 fxg6 31. Qf4 Bg5 32. Qf3 Bf6 33. g4 h4 34. Rcf2 Re6 35. g5 Nxg5 36. Qg4 Qd8 37. Rf4 Kg7 38. R1f2 Rxe3 39. Qxh4 Ne4 40. Rxf6 Nxf6 41. Qg5 Re8 42. Qf4 Re4 1/2-1/2

[Event "VIE-ch U15"]
[Site "Ho Chi Minh City"]
[Date "2022.07.12"]
[Round "2"]
[White "Bui, Dang Khoa"]
[Black "Tong, Hai Anh"]
[Result "1/2-1/2"]
[WhiteElo "2300"]
[BlackElo "2291"]
[PlyCount "44"]
[EventDate "2022.07.11"]
[EventType "swiss"]
[EventRounds "9"]
[EventCountry "VIE"]
[SourceTitle "EXT 2023"]
[Source "ChessBase"]
[SourceDate "2022.10.05"]
[SourceVersion "1"]
[SourceVersionDate "2022.10.05"]
[SourceQuality "1"]

1. d4 d5 2. c4 c6 3. Nf3 Nf6 4. Nc3 a6 5. g3 Bf5 6. Nh4 Be4 7. f3 Bg6 8. cxd5 cxd5 9. Nxg6 hxg6 10. Qb3 Ra7 11. Be3 e6 12. a4 Bd6 13. Bg2 Rxh2 14. Kf2 Qc7 15. g4 Nc6 16. Rxh2 Bg3+ 17. Kf1 Bxh2 18. Bf2 Bg3 19. Bg1 Na5 20. Qd1 Qf4 21. e3 Qc7 22. Rc1 Qd7 1/2-1/2

[Event "Titled Tuesday intern op 05th Jul Early"]
[Site "Chess.com INT"]
[Date "2022.07.05"]
[Round "2"]
[White "Tong, Hai Anh"]
[Black "Harvey, Marcus Ross"]
[Result "1/2-1/2"]
[WhiteElo "1486"]
[BlackElo "2454"]
[PlyCount "163"]
[EventDate "2022.07.05"]
[EventType "swiss (blitz)"]
[EventRounds "11"]
[EventCountry "USA"]
[SourceTitle "CBM 209 Extra"]
[Source "ChessBase"]
[SourceDate "2022.09.30"]
[SourceVersion "1"]
[SourceVersionDate "2022.09.30"]
[SourceQuality "1"]

1. d4 Nf6 2. c4 e6 3. Nf3 d5 4. Bg5 dxc4 5. e3 b5 6. a4 c6 7. Ne5 Bb7 8. Be2 Bb4+ 9. Nc3 0-0 10. 0-0 a6 11. f4 Be7 12. Bf3 Qb6 13. Qe2 Rd8 14. g3 Nbd7 15. Nxd7 Rxd7 16. Qg2 Rad8 17. g4 b4 18. Ne4 Nxe4 19. Bxe7 Rxe7 20. Bxe4 c5 21. dxc5 Bxe4 22. cxb6 Bxg2 23. Kxg2 a5 24. Rac1 Rc8 25. Rfd1 g5 26. Rd4 gxf4 27. exf4 c3 28. bxc3 Rb7 29. Rdd1 bxc3 30. Rd3 Rxb6 31. Rdxc3 Rxc3 32. Rxc3 Rb4 33. Kg3 Rxa4 34. Rc8+ Kg7 35. g5 Ra3+ 36. Kg4 a4 37. h4 Ra1 38. Ra8 a3 39. h5 h6 40. Kg3 e5 41. gxh6+ Kxh6 42. fxe5 Kxh5 43. Ra7 Kg6 44. Kg2 Ra2+ 45. Kg3 Kf5 46. Rxf7+ Kxe5 47. Ra7 Kd4 48. Kf3 Kc3 49. Ke3 Ra1 50. Rc7+ Kb2 51. Rb7+ Ka2 52. Kd3 Rb1 53. Ra7 Rb8 54. Kc2 Rc8+ 55. Kd2 Rc6 56. Rb7 Ka1 57. Rb5 Rh6 58. Rb3 Rh2+ 59. Kc1 Rh1+ 60. Kc2 Rh2+ 61. Kc1 Ka2 62. Rb8 Rb2 63. Ra8 Rb7 64. Kc2 Rc7+ 65. Kd2 Kb2 66. Rb8+ Ka2 67. Rb6 Rc4 68. Rb8 Ka1 69. Rb3 a2 70. Rb8 Rh4 71. Kc2 Rh2+ 72. Kc1 Rh1+ 73. Kc2 Rb1 74. Ra8 Rb2+ 75. Kc1 Rb7 76. Rc8 Rh7 77. Kc2 Rh1 78. Rc7 Rh2+ 79. Kc1 Rh3 80. Kc2 Rh1 81. Rc8 Rc1+ 82. Kxc1 1/2-1/2

[Event "Titled Tuesday intern op 05th Jul Early"]
[Site "Chess.com INT"]
[Date "2022.07.05"]
[Round "11"]
[White "Tong, Hai Anh"]
[Black "Jia, Haoxiang"]
[Result "0-1"]
[WhiteElo "1486"]
[BlackElo "2331"]
[PlyCount "70"]
[EventDate "2022.07.05"]
[EventType "swiss (blitz)"]
[EventRounds "11"]
[EventCountry "USA"]
[SourceTitle "CBM 209 Extra"]
[Source "ChessBase"]
[SourceDate "2022.09.30"]
[SourceVersion "1"]
[SourceVersionDate "2022.09.30"]
[SourceQuality "1"]

1. d4 Nf6 2. c4 g6 3. Nf3 Bg7 4. Nc3 0-0 5. g3 d6 6. Bg2 Nbd7 7. 0-0 e5 8. b3 exd4 9. Nxd4 c6 10. Bb2 Nc5 11. Rc1 a5 12. a4 Qb6 13. e3 Bg4 14. Qc2 Rad8 15. Ba3 Bc8 16. Rb1 Rfe8 17. b4 axb4 18. Bxb4 Qa6 19. Qa2 Nfd7 20. Rfd1 Ne5 21. Bf1 Bg4 22. Rd2 Ne6 23. c5 Qa7 24. Nce2 dxc5 25. Nxe6 Bxe6 26. Bxc5 Qxc5 27. Qc2 Qxc2 28. Rxc2 Bf5 29. Nd4 Bxc2 30. Nxc2 Rd2 31. Nd4 Ng4 32. Rxb7 Nxf2 33. Bc4 Nh3+ 34. Kf1 Rf2+ 35. Ke1 Bxd4 0-1

[Event "Titled Tuesday intern op 05th Jul Early"]
[Site "Chess.com INT"]
[Date "2022.07.05"]
[Round "6"]
[White "Yurovskich, Oleksandr"]
[Black "Tong, Hai Anh"]
[Result "0-1"]
[WhiteElo "2328"]
[BlackElo "1486"]
[PlyCount "190"]
[EventDate "2022.07.05"]
[EventType "swiss (blitz)"]
[EventRounds "11"]
[EventCountry "USA"]
[SourceTitle "CBM 209 Extra"]
[Source "ChessBase"]
[SourceDate "2022.09.30"]
[SourceVersion "1"]
[SourceVersionDate "2022.09.30"]
[SourceQuality "1"]

1. d4 d5 2. c4 e6 3. Nc3 Be7 4. cxd5 exd5 5. Bf4 c6 6. e3 Bf5 7. Bd3 Bg6 8. Nf3 Nd7 9. 0-0 Ngf6 10. h3 0-0 11. Bxg6 hxg6 12. Qc2 Re8 13. Rab1 Nb6 14. Nd2 Bd6 15. Bg5 Qd7 16. Bxf6 gxf6 17. b4 Kg7 18. b5 Rh8 19. bxc6 bxc6 20. f4 Rae8 21. Nd1 f5 22. Rc1 Rc8 23. Nf2 c5 24. dxc5 Bxc5 25. Qb2+ f6 26. Rfe1 d4 27. Nb3 dxe3 28. Nxc5 Qd2 29. Re2 exf2+ 30. Kxf2 Qxf4+ 31. Kg1 Rhe8 32. Rxe8 Rxe8 33. Rf1 Qe3+ 34. Qf2 Qxf2+ 35. Kxf2 Re5 36. Rc1 Nd5 37. Nd3 Re7 38. Rc5 Nb6 39. Ra5 Nc4 40. Ra6 Rd7 41. Nb4 Ne5 42. Ke2 f4 43. Nc6 Rd6 44. Rxa7+ Kh6 45. Nxe5 Re6 46. a4 Rxe5+ 47. Kf3 g5 48. a5 Kg6 49. Ra8 Re3+ 50. Kf2 Ra3 51. a6 f5 52. a7 Kg7 53. Ke2 g4 54. hxg4 fxg4 55. Kf2 Ra2+ 56. Kf1 g3 57. Rb8 Rxa7 58. Rb1 Kg6 59. Kg1 Kf5 60. Rf1 Ra2 61. Re1 Ra3 62. Rc1 Kg4 63. Rd1 Ra4 64. Rc1 Kf5 65. Rf1 Ra3 66. Rd1 Ke4 67. Rc1 Ke3 68. Re1+ Kd4 69. Rb1 Rc3 70. Rf1 Ke4 71. Re1+ Re3 72. Ra1 Re2 73. Ra4+ Ke3 74. Ra3+ Ke4 75. Ra4+ Kf5 76. Ra5+ Re5 77. Ra1 Rb5 78. Rc1 Rb2 79. Rd1 Ke4 80. Re1+ Kd3 81. Rd1+ Rd2 82. Rf1 Ke3 83. Re1+ Re2 84. Ra1 Rd2 85. Re1+ Kd3 86. Ra1 Ke2 87. Rf1 Rd1 88. Rxd1 Kxd1 89. Kf1 Kd2 90. Kg1 Ke2 91. Kh1 f3 92. gxf3 Kf2 93. f4 g2+ 94. Kh2 g1Q+ 95. Kh3 Qg3# 0-1

[Event "Titled Tuesday intern op 31st May Early"]
[Site "Chess.com INT"]
[Date "2022.05.31"]
[Round "5"]
[White "Tong, Hai Anh"]
[Black "Lopez, Henry"]
[Result "1/2-1/2"]
[WhiteElo "1486"]
[BlackElo "2107"]
[PlyCount "81"]
[EventDate "2022.05.31"]
[EventType "swiss (blitz)"]
[EventRounds "11"]
[EventCountry "USA"]
[SourceTitle "CBM 208 Extra"]
[Source "ChessBase"]
[SourceDate "2022.07.31"]
[SourceVersion "1"]
[SourceVersionDate "2022.07.31"]
[SourceQuality "1"]

1. d4 Nf6 2. c4 c5 3. e3 e6 4. Nf3 d5 5. Nc3 Nc6 6. Be2 a6 7. 0-0 Be7 8. b3 0-0 9. Bb2 cxd4 10. Nxd4 Nxd4 11. Qxd4 dxc4 12. Qxd8 Rxd8 13. Bxc4 b5 14. Be2 Bb7 15. Rfd1 h6 16. Bf3 Bxf3 17. gxf3 Rac8 18. Rac1 Kf8 19. Kf1 Ke8 20. Ke1 Bb4 21. Rxd8+ Kxd8 22. a3 Be7 23. Ne2 Rxc1+ 24. Nxc1 Ne8 25. Nd3 f6 26. Nf4 Kd7 27. Ke2 g5 28. Nd3 e5 29. a4 Nc7 30. Bc3 Nd5 31. Ba5 Kc6 32. e4 Nf4+ 33. Nxf4 exf4 34. Kd3 h5 35. h3 Bd6 36. Bd8 Be5 37. Be7 Kd7 38. Bc5 Kc6 39. Be7 Kd7 40. Bc5 Kc6 41. Be7 1/2-1/2

[Event "Eastern Asia-ch U14"]
[Site "Tornelo INT"]
[Date "2021.10.30"]
[Round "4"]
[White "Garv, Gaur"]
[Black "Tong, Hai Anh"]
[Result "1-0"]
[WhiteElo "1860"]
[BlackElo "1460"]
[PlyCount "95"]
[EventDate "2021.10.29"]
[EventType "swiss"]
[EventRounds "9"]
[EventCountry "NET"]
[SourceTitle "EXT 2023"]
[Source "ChessBase"]
[SourceDate "2022.10.05"]
[SourceVersion "1"]
[SourceVersionDate "2022.10.05"]
[SourceQuality "1"]

1. d4 d5 2. Nf3 Nf6 3. c4 c6 4. g3 g6 5. Bg2 Bg7 6. 0-0 0-0 7. a4 Bf5 8. Ne5 Nbd7 9. cxd5 cxd5 10. Nc3 Be4 11. f3 Bf5 12. e4 Be6 13. Nxd7 Qxd7 14. e5 Ne8 15. f4 f5 16. Qb3 Nc7 17. Be3 Bf7 18. Rfc1 e6 19. a5 Rfc8 20. Na4 Qb5 21. Qxb5 Nxb5 22. Bf1 Be8 23. Nc5 b6 24. Nxe6 Kf7 25. Ng5+ Ke7 26. Bg2 h6 27. Bxd5 hxg5 28. Bxa8 Rxa8 29. axb6 gxf4 30. gxf4 Kd8 31. d5 Bf8 32. d6 Bd7 33. bxa7 Nxd6 34. exd6 Bxd6 35. Ra6 Ke7 36. Bc5 Bxc5+ 37. Rxc5 g5 38. fxg5 f4 39. Re5+ Kd8 40. g6 Kc7 41. g7 Kb7 42. Raa5 f3 43. Kf2 Bc6 44. Rg5 Re8 45. a8Q+ Kc7 46. Qxe8 Bb7 47. Rgc5+ Kb6 48. Qd8# 1-0

[Event "Titled Tuesday intern op 21st Sept"]
[Site "Chess.com INT"]
[Date "2021.09.21"]
[Round "3"]
[White "Herrera Reyes, Jose Antonio"]
[Black "Tong, Hai Anh"]
[Result "1-0"]
[WhiteElo "2319"]
[BlackElo "1486"]
[PlyCount "29"]
[EventDate "2021.09.21"]
[EventType "swiss (blitz)"]
[EventRounds "9"]
[EventCountry "USA"]
[SourceTitle "EXT 2022"]
[Source "ChessBase"]
[SourceDate "2021.10.06"]
[SourceVersion "1"]
[SourceVersionDate "2021.10.06"]
[SourceQuality "1"]

1. Nf3 c6 2. g3 d5 3. Bg2 Nf6 4. d3 Bf5 5. c3 Nbd7 6. 0-0 e5 7. Qb3 Qc7 8. c4 Bd6 9. cxd5 cxd5 10. Nc3 Nc5 11. Nxd5 Nxb3 12. Nxc7+ Bxc7 13. axb3 0-0 14. Bd2 Nd5 15. e4 1-0

[Event "Titled Tuesday intern op 21st Sept"]
[Site "Chess.com INT"]
[Date "2021.09.21"]
[Round "7"]
[White "Kushko, Dmitriy"]
[Black "Tong, Hai Anh"]
[Result "1/2-1/2"]
[WhiteElo "2322"]
[BlackElo "1486"]
[PlyCount "33"]
[EventDate "2021.09.21"]
[EventType "swiss (blitz)"]
[EventRounds "9"]
[EventCountry "USA"]
[SourceTitle "EXT 2022"]
[Source "ChessBase"]
[SourceDate "2021.10.06"]
[SourceVersion "1"]
[SourceVersionDate "2021.10.06"]
[SourceQuality "1"]

1. Nf3 c6 2. g3 d5 3. Bg2 Nf6 4. 0-0 Bf5 5. c4 e6 6. Qb3 Qc7 7. d4 b6 8. Nc3 Nbd7 9. Nh4 Bg6 10. Nxg6 hxg6 11. cxd5 exd5 12. e4 dxe4 13. Nxe4 Nxe4 14. Bxe4 Bd6 15. Bg5 0-0 16. Rac1 Rac8 17. Rxc6 1/2-1/2

[Event "Titled Tuesday intern op 21st Sept"]
[Site "Chess.com INT"]
[Date "2021.09.21"]
[Round "4"]
[White "Tong, Hai Anh"]
[Black "Steenbekkers, Franck"]
[Result "1-0"]
[WhiteElo "1486"]
[BlackElo "2164"]
[PlyCount "65"]
[EventDate "2021.09.21"]
[EventType "swiss (blitz)"]
[EventRounds "9"]
[EventCountry "USA"]
[SourceTitle "EXT 2022"]
[Source "ChessBase"]
[SourceDate "2021.10.06"]
[SourceVersion "1"]
[SourceVersionDate "2021.10.06"]
[SourceQuality "1"]

1. Nf3 Nf6 2. g3 g6 3. Bg2 Bg7 4. 0-0 0-0 5. d4 d5 6. c4 c6 7. Nc3 dxc4 8. Ne5 b5 9. Nxc6 Nxc6 10. Bxc6 Bh3 11. Re1 b4 12. Bxa8 Qxa8 13. f3 bxc3 14. bxc3 h5 15. e4 e5 16. d5 Nd7 17. Be3 f5 18. Qa4 Qc8 19. Rab1 f4 20. gxf4 exf4 21. Bd4 Nc5 22. Qxa7 Bxd4+ 23. cxd4 Nd3 24. Rb7 Qxb7 25. Qxb7 Nxe1 26. Kf2 Nd3+ 27. Ke2 Rc8 28. d6 Nb2 29. Qxb2 c3 30. Qb3+ Kg7 31. Kd1 c2+ 32. Kc1 Bg2 33. Qb7+ 1-0

[Event "Titled Tuesday intern op 14th Sept"]
[Site "Chess.com INT"]
[Date "2021.09.14"]
[Round "11"]
[White "Tong, Hai Anh"]
[Black "Florescu, Codrut Constantin"]
[Result "1-0"]
[WhiteElo "1486"]
[BlackElo "2293"]
[PlyCount "61"]
[EventDate "2021.09.14"]
[EventType "swiss (blitz)"]
[EventRounds "11"]
[EventCountry "USA"]
[SourceTitle "EXT 2022"]
[Source "ChessBase"]
[SourceDate "2021.10.06"]
[SourceVersion "1"]
[SourceVersionDate "2021.10.06"]
[SourceQuality "1"]

1. Nf3 d5 2. g3 e6 3. Bg2 Nf6 4. 0-0 Be7 5. d3 0-0 6. Nbd2 c5 7. e4 Nc6 8. e5 Ne8 9. Re1 Nc7 10. h3 b5 11. g4 b4 12. Nh2 Rb8 13. f4 Nb5 14. Ndf3 Nbd4 15. g5 a5 16. Ng4 a4 17. c3 Nxf3+ 18. Qxf3 a3 19. Kh2 axb2 20. Bxb2 bxc3 21. Bxc3 Nd4 22. Bxd4 cxd4 23. Qg3 Kh8 24. Rab1 Bd7 25. Bf1 Qa5 26. Nf6 Ba4 27. Qh4 h6 28. gxh6 gxf6 29. exf6 Bb4 30. h7 Bxe1 31. Qh6 1-0

[Event "Titled Tuesday intern op 14th Sept"]
[Site "Chess.com INT"]
[Date "2021.09.14"]
[Round "1"]
[White "Tong, Hai Anh"]
[Black "Katz, Alexander R"]
[Result "0-1"]
[WhiteElo "1486"]
[BlackElo "2396"]
[PlyCount "49"]
[EventDate "2021.09.14"]
[EventType "swiss (blitz)"]
[EventRounds "11"]
[EventCountry "USA"]
[SourceTitle "EXT 2022"]
[Source "ChessBase"]
[SourceDate "2021.10.06"]
[SourceVersion "1"]
[SourceVersionDate "2021.10.06"]
[SourceQuality "1"]

1. Nf3 Nf6 2. g3 e6 3. Bg2 d5 4. 0-0 Be7 5. d4 0-0 6. Ne5 c5 7. f4 Nc6 8. Nxc6 bxc6 9. Be3 cxd4 10. Bxd4 c5 11. Be5 Ng4 12. c4 Ne3 13. Qc1 Nxf1 14. Kxf1 f6 15. Bc3 Rb8 16. Qd2 d4 17. Ba5 Qd6 18. Na3 Bd8 19. Nb5 Qa6 20. Bxd8 Rxd8 21. e3 Bb7 22. exd4 cxd4 23. Bxb7 Qxb7 24. Qe2 Qh1+ 25. Kf2 0-1

[Event "Titled Tuesday intern op 14th Sept"]
[Site "Chess.com INT"]
[Date "2021.09.14"]
[Round "4"]
[White "Tong, Hai Anh"]
[Black "Tokman, Ariel"]
[Result "1-0"]
[WhiteElo "1486"]
[BlackElo "2316"]
[PlyCount "121"]
[EventDate "2021.09.14"]
[EventType "swiss (blitz)"]
[EventRounds "11"]
[EventCountry "USA"]
[SourceTitle "EXT 2022"]
[Source "ChessBase"]
[SourceDate "2021.10.06"]
[SourceVersion "1"]
[SourceVersionDate "2021.10.06"]
[SourceQuality "1"]

1. Nf3 Nc6 2. g3 e5 3. Bg2 d5 4. d3 Nf6 5. 0-0 h6 6. Nbd2 Be7 7. e4 dxe4 8. dxe4 0-0 9. h3 a5 10. c3 Nd7 11. Qc2 Nc5 12. Nc4 Qd3 13. Qxd3 Nxd3 14. Rd1 Nxc1 15. Raxc1 f6 16. g4 Be6 17. Ne3 Bxa2 18. Nf5 Rfd8 19. Nxe7+ Nxe7 20. Rxd8+ Rxd8 21. Ra1 Be6 22. Rxa5 Nc6 23. Ra1 b6 24. Bf1 Kf7 25. Bb5 Na5 26. b4 Bc4 27. bxa5 Bxb5 28. axb6 cxb6 29. Rb1 Bd3 30. Rxb6 Bxe4 31. Ne1 Rd1 32. f3 Bxf3 33. Kf2 Be4 34. Ra6 Rd2+ 35. Ke3 Rd1 36. Kxe4 Rxe1+ 37. Kd5 Rh1 38. c4 Rxh3 39. c5 Rd3+ 40. Kc6 Kg6 41. Ra4 Rc3 42. Kd6 Rc1 43. c6 Kg5 44. c7 g6 45. Kd7 f5 46. gxf5 gxf5 47. Ra6 Rxc7+ 48. Kxc7 e4 49. Kd6 Kf4 50. Kd5 e3 51. Kd4 Kf3 52. Kd3 f4 53. Rxh6 Kf2 54. Rh2+ Kg3 55. Re2 Kf3 56. Rh2 Kg3 57. Rb2 Kf3 58. Ra2 Kg3 59. Ke4 f3 60. Kxe3 f2 61. Rxf2 1-0

[Event "Titled Tuesday intern op 24th Aug"]
[Site "Chess.com INT"]
[Date "2021.08.24"]
[Round "11"]
[White "Adury, Anant"]
[Black "Tong, Hai Anh"]
[Result "1-0"]
[WhiteElo "1681"]
[BlackElo "1486"]
[PlyCount "51"]
[EventDate "2021.08.24"]
[EventType "swiss (blitz)"]
[EventRounds "11"]
[EventCountry "USA"]
[SourceTitle "EXT 2022"]
[Source "ChessBase"]
[SourceDate "2021.10.06"]
[SourceVersion "1"]
[SourceVersionDate "2021.10.06"]
[SourceQuality "1"]

1. d4 c6 2. Nc3 d5 3. e4 dxe4 4. Nxe4 Bf5 5. Ng3 Bg6 6. Nf3 e6 7. h4 h6 8. h5 Bh7 9. Bd3 Bxd3 10. Qxd3 Nf6 11. Bd2 Nbd7 12. c4 Bd6 13. Bc3 Qc7 14. Ne4 Nxe4 15. Qxe4 Nf6 16. Qe3 0-0-0 17. Ne5 Bxe5 18. dxe5 Nd7 19. Qxa7 Nb6 20. 0-0 Nxc4 21. b3 Nb6 22. Ba5 Rd5 23. Bxb6 Qxe5 24. Qa8+ Kd7 25. Qxh8 Qxh5 26. Qd8# 1-0

[Event "Titled Tuesday intern op 24th Aug"]
[Site "Chess.com INT"]
[Date "2021.08.24"]
[Round "10"]
[White "Tong, Hai Anh"]
[Black "Rodchenkov, Vitaly"]
[Result "0-1"]
[WhiteElo "1486"]
[BlackElo "2330"]
[PlyCount "136"]
[EventDate "2021.08.24"]
[EventType "swiss (blitz)"]
[EventRounds "11"]
[EventCountry "USA"]
[SourceTitle "EXT 2022"]
[Source "ChessBase"]
[SourceDate "2021.10.06"]
[SourceVersion "1"]
[SourceVersionDate "2021.10.06"]
[SourceQuality "1"]

1. Nf3 Nf6 2. g3 b5 3. Bg2 Bb7 4. 0-0 e6 5. d4 d5 6. Ne5 c5 7. f4 Nbd7 8. c3 Be7 9. Be3 0-0 10. Bf2 a5 11. Nd2 b4 12. Re1 Qb6 13. e4 dxe4 14. Nxe4 Rfd8 15. Nxf6+ Nxf6 16. dxc5 Bxc5 17. Qe2 Bxg2 18. Kxg2 bxc3 19. bxc3 Bxf2 20. Qxf2 Qc7 21. c4 Rac8 22. Rab1 h5 23. Qf3 Ng4 24. Nxg4 hxg4 25. Qxg4 Qxc4 26. Re2 a4 27. Qf3 Rd3 28. Qb7 Rcd8 29. Qb5 Qd4 30. Rb4 Qa1 31. Rb1 Qc3 32. Rbb2 a3 33. Rb3 Qd4 34. Qxd3 Qxd3 35. Rxd3 Rxd3 36. Rc2 g6 37. Kf2 Kg7 38. Ke2 Rd5 39. Rc3 Ra5 40. Kf3 Kf6 41. h4 Ra4 42. Rc5 Ke7 43. Ke3 Kd6 44. Rb5 Rc4 45. Rb3 Ra4 46. g4 Ke7 47. Kf3 f5 48. g5 Kf7 49. Rb7+ Kf8 50. Rb6 Ke7 51. Kg3 Rc4 52. Rb3 Ra4 53. h5 gxh5 54. Kh4 Rxf4+ 55. Kxh5 Ra4 56. g6 Kf6 57. Rb8 Rg4 58. Rf8+ Kg7 59. Rf7+ Kg8 60. Ra7 Rg3 61. Kh6 Rh3+ 62. Kg5 Rc3 63. Kf6 Rc8 64. Kxe6 f4 65. Rxa3 Kg7 66. Kf5 Rf8+ 67. Kg5 f3 68. Ra7+ Kg8 0-1

[Event "Titled Tuesday intern op 17th Aug"]
[Site "Chess.com INT"]
[Date "2021.08.17"]
[Round "3"]
[White "Tong, Hai Anh"]
[Black "Lamard, Guillaume"]
[Result "0-1"]
[WhiteElo "1486"]
[BlackElo "2480"]
[PlyCount "72"]
[EventDate "2021.08.17"]
[EventType "swiss (blitz)"]
[EventRounds "11"]
[EventCountry "USA"]
[SourceTitle "EXT 2022"]
[Source "ChessBase"]
[SourceDate "2021.10.06"]
[SourceVersion "1"]
[SourceVersionDate "2021.10.06"]
[SourceQuality "1"]

1. d4 Nf6 2. c4 g6 3. Nc3 Bg7 4. Nf3 0-0 5. e3 d6 6. Be2 Nbd7 7. 0-0 e5 8. b3 Re8 9. Bb2 a6 10. dxe5 Nxe5 11. Nxe5 Rxe5 12. Nd5 Re8 13. Bf3 Nxd5 14. Bxg7 Nxe3 15. fxe3 Kxg7 16. Bd5 f5 17. e4 c6 18. exf5 cxd5 19. fxg6 hxg6 20. Qxd5 Qb6+ 21. Kh1 Be6 22. Qg5 Qd4 23. Rad1 Qe5 24. Qh4 g5 25. Qf2 Rf8 26. Qb6 Rxf1+ 27. Rxf1 Rh8 28. Qxb7+ Kg6 29. g3 Bf5 30. Rf3 Qe1+ 31. Kg2 Qe2+ 32. Kg1 Qxh2+ 33. Kf1 Qh1+ 34. Ke2 Rh2+ 35. Ke3 Qe1+ 36. Kd4 Qe5# 0-1